000 00507nam a2200181Ia 4500
005 20250326124451.0
008 250326s9999 xx 000 0 und d
037 _aTextbook
040 _aFMSL
_beng
_cFMSL
041 _aeng
_2eng
084 _aX:8 K7
_qFMSL
100 _aBANERJEE
_9205340
245 0 _aManagement principles & practice
_cBanerjee; Bhattacharya
260 _aCalcutta
_bCalcutta, N M Ray Chander
_c1967
300 _a220p
942 _cTB
_hX:8 K7
999 _c1273821
_d1273821